| 000 -ლიდერი |
| ფიქსირებული სიგრძის საკონტროლო ველი |
00968nam a22002057a 4500 |
| 003 - საკონტროლო ნომრის იდენტიფიკატორი |
| საკონტროლო ველი |
Ge_BSU |
| 005 - ბოლო ოპერაციის თარიღი და დრო |
| საკონტროლო ველი |
20200121161912.0 |
| 008 - ფიქსირებული სიგრძის მონაცემთა ელემენტები - ზოგადი ინფორმაცია |
| ფიქსირებული სიგრძის საკონტროლო ველი |
200121s2013 ge ||||| |||| 00| 0 geo d |
| 020 ## - წიგნის საერთაშორისო სტანდარტული ნომერი |
| International Standard Book Number |
9789941058431 |
| 041 ## - ენის კოდი |
| Language code of text/sound track or separate title |
geo |
| 080 ## - უნივერსალური ათობითი კლასიფიკაციის ინდექსი |
| Universal Decimal Classification number |
271.22-726.1(479.22) ვ-21 |
| 100 ## - მთავარი ჩანაწერი - პიროვნების სახელი |
| Personal name |
ვარდოსანიძე, სერგო. |
| 9 (RLIN) |
6279 |
| 245 ## - ცნობა სათაურის შესახებ |
| Title |
პატრიარქები. წ. II : |
| Remainder of title |
პატრიარქი კალისტრატე ; პატრიარქი მელქისედეკ III / |
| Statement of responsibility, etc |
სერგო ვარდოსანიძე ; რედ. ზაზა აბზიანიძე. |
| 264 ## - წარმოების, გამოცემის, დისტრიბუციის და სხვა ცნობები |
| გამოცემის, წარმოების, დისტრიბუციის... ადგილი |
თბილისი, |
| გამოცემის, წარმოების, დისტრიბუციის... თარიღი |
2013. |
| 300 ## - ფიზიკური აღწერა |
| Extent |
214 გვ. ; |
| Other physical details |
ილ .; |
| Dimensions |
22 სმ. |
| 653 ## - INDEX TERM--UNCONTROLLED |
| Uncontrolled term |
საქართველოს პატრიარქები. |
| 653 ## - INDEX TERM--UNCONTROLLED |
| Uncontrolled term |
რელიგია |
| 700 ## - ADDED ENTRY--PERSONAL NAME |
| Personal name |
აბზიანიძე, ზაზა |
| Relator term |
რედაქტორი |
| 9 (RLIN) |
2005 |
| 942 ## - ADDED ENTRY ELEMENTS (KOHA) |
| Source of classification or shelving scheme |
|
| Koha item type |
წიგნი |